000
002600000a22000970004500
100
1
_a
Sendoya, Luis Enrique
245
1
0
_a
Dos maneras de leer el mensaje
300
_a
Vol. 46, Núm 196 (1991), Páginas 23-24
773
0
_t
La Biblia de las Américas
942
_c
ANA
999
_c
51328
_d
51328